000 00375nam a2200157Ia 4500
100 _aPatranabis/D
650 _aINSTRUMENTATION
942 _cBK
366 _f25
654 _aelectronic instrumentation
245 _aPrinciples of Electronic instrumentation
260 _bPrentice -Hall of India
_c2008
082 _bPAT
546 _aENGLISH
_cPAMPHALETS
999 _c28058
_d28058